<?xml version="1.0" encoding="UTF-8"?>
<record
    xmlns:xsi="http://www.w3.org/2001/XMLSchema-instance"
    xsi:schemaLocation="http://www.loc.gov/MARC21/slim http://www.loc.gov/standards/marcxml/schema/MARC21slim.xsd"
    xmlns="http://www.loc.gov/MARC21/slim">

  <leader>00329    a2200109   4500</leader>
  <controlfield tag="001">ART_41951</controlfield>
  <controlfield tag="005">20260410161814.0</controlfield>
  <controlfield tag="008">260409a                                 </controlfield>
  <datafield tag="245" ind1="1" ind2="0">
    <subfield code="a">Las revistas jur&#xED;dicas en el &#xE1;mbito universitario</subfield>
  </datafield>
  <datafield tag="100" ind1="1" ind2=" ">
    <subfield code="a">Parise, Agust&#xED;n</subfield>
  </datafield>
  <datafield tag="773" ind1="0" ind2=" ">
    <subfield code="t">Academia</subfield>
    <subfield code="g">- A&#xF1;o 8, N&#xBA; 15 (ene./jun. 2010)</subfield>
    <subfield code="w">REV4314</subfield>
  </datafield>
  <datafield tag="999" ind1=" " ind2=" ">
    <subfield code="c">21751</subfield>
    <subfield code="d">21751</subfield>
  </datafield>
</record>
